000 00395nam a2200169Ia 4500
005 20240403060150.0
008 240331s9999 xx 000 0 und d
020 _a140211713
082 _bARD
_a330.94
100 _aArdagh, John
245 4 _aThe new France
250 _a1 st
260 _aEngland :
_bThe french revolution /
_c1968.
300 _a719 p .,
650 _aEconomy
942 _cL
999 _c2574
_d2574